000
00206nam a22000977a 4500
005
20230724122953.0
008
230724b |||||||| |||| 00| 0 eng d
245
_a
OUTLOOK MONEY
260
_c
2023
942
_c
JRL
999
_c
8324
_d
8322